Manažérske účtovníctvo z pohľadu Medzinárodných účtovných štandardov
Vzťah manažérskeho účtovníctva (MÚ) a Medzinárodných účtovných štandardov. Úloha MÚ a zameranie Medzinárodných účtovných štandardov. Štandardy sú zamerané na zostavovanie a prezentovanie účtovnej závierky. MÚ má poskytovať relevantné informácie pre potreby vnútropodnikového riadenia. Využitie inform...
Gespeichert in:
| 1. Verfasser: | |
|---|---|
| Format: | Buchkapitel |
| Sprache: | Slowakisch |
| Schlagworte: | |
| Tags: |
Keine Tags, Fügen Sie das erste Tag hinzu!
|
MARC
| LEADER | 00000naa a2200000 4500 | ||
|---|---|---|---|
| 001 | r043413 | ||
| 005 | 20240502071337.9 | ||
| 041 | 0 | |a slo | |
| 044 | |a SK | ||
| 245 | 1 | 0 | |a Manažérske účtovníctvo z pohľadu Medzinárodných účtovných štandardov |c Miloš Tumpach |
| 520 | |a Vzťah manažérskeho účtovníctva (MÚ) a Medzinárodných účtovných štandardov. Úloha MÚ a zameranie Medzinárodných účtovných štandardov. Štandardy sú zamerané na zostavovanie a prezentovanie účtovnej závierky. MÚ má poskytovať relevantné informácie pre potreby vnútropodnikového riadenia. Využitie informácií poskytovaných MÚ pri stanovení výšky nákladov. Stanovenie cien a určenie výnosov podniku. Kvantifikácia ekonomických efektov. | ||
| 610 | 2 | 0 | |a účtovníctvo manažérske |
| 610 | 2 | 0 | |a štandardy účtovné medzinárodné |
| 610 | 2 | 0 | |a závierka účtovná |
| 610 | 2 | 0 | |a riadenie vnútropodnikové |
| 610 | 2 | 0 | |a podnik |
| 610 | 2 | 0 | |a náklady |
| 610 | 2 | 0 | |a ceny |
| 610 | 2 | 0 | |a výnosy podnikové |
| 610 | 2 | 0 | |a efektívnosť ekonomická |
| 610 | 2 | 0 | |a IAS |
| 100 | 1 | |a Tumpach, Miloš, 1970- | |